00254 a2200097 4500000002500000100002300025245005500048260002100103264001500124999001700139 nam a22 7a 4500 aKumbhojkar,G.V937 aEngineering Mathematics III : computer engineering bP.Jamnadasc2021 bP.Jamnadas c35890d35890